000
00453nam a2200181Ia 4500
008
100920s9999 xx 000 0 und d
082
_b
96277
_a
491.462 0
100
_a
---
245
_a
मोटारवाला.
260
_b
---
_c
0
300
_a
84
_b
साधी
365
_b
0
520
_a
नाटक.
630
_a
मोटारवाला.
650
_a
नाटक.
730
_a
मोटारवाला.
942
_c
BOOK
999
_c
736717
_d
736714